Catálogo
 En Linea

An Inglorious Columbus; or, evidence that hwui san and a party of buddhist monks from afghanistan discobered américa in the fifth century / (Registro nro. 34122)

Detalles MARC
000 -CABECERA
campo de control de longitud fija 00549nam a2200145 a 4500
001 - NÚMERO DE CONTROL
campo de control 000034631
005 - FECHA Y HORA DE LA ÚLTIMA TRANSACCIÓN
campo de control 20200930073816.0
008 - DATOS DE LONGITUD FIJA--INFORMACIÓN GENERAL
campo de control de longitud fija 111011s1885 xxu 000 0 spa d
040 ## - FUENTE DE LA CATALOGACIÓN
Centro catalogador/agencia de origen DO-SdBNP
Lengua de catalogación eng
Centro/agencia transcriptor BNPHU
082 ## - NÚMERO DE LA CLASIFICACIÓN DECIMAL DEWEY
Número de clasificación xxxx
Número de documento/Ítem V785i
100 1# - ENTRADA PRINCIPAL--NOMBRE DE PERSONA
Nombre de persona Vining, Edward P.
9 (RLIN) 60066
245 10 - MENCIÓN DE TÍTULO
Título An Inglorious Columbus; or, evidence that hwui san and a party of buddhist monks from afghanistan discobered américa in the fifth century /
Mención de responsabilidad, etc. Edward P. Vining.
260 ## - PUBLICACIÓN, DISTRIBUCIÓN, ETC.
Lugar de publicación, distribución, etc. New York :
Nombre del editor, distribuidor, etc. D. Appleton and company,
Fecha de publicación, distribución, etc. 1885.
300 ## - DESCRIPCIÓN FÍSICA
Extensión xxiii, 788 p. :
Otras características físicas map. ;
Dimensiones 24 cm.
Existencias
Estado de retiro Estado de pérdida Restricciones de uso No para préstamo Código de colección Localización permanente Ubicación/localización actual Ubicación en estantería Fecha de adquisición Número de inventario Total de préstamos Signatura topográfica completa Código de barras Fecha visto por última vez Precio válido a partir de Tipo de ítem Koha
      Excluido de préstamo Monografías: Libros y Folletos General General En catalogación 11.10.2011 LF1   xxxx V785i 34631-10 25.06.2020 25.06.2020 No se presta

Con tecnología Koha